All Quarterbacks by Overall in Madden 26 - Statistics

General Stats
  • This quiz has been taken 25 times
  • The average score is 56 of 96
Answer Stats
Team Ovr Answer % Correct
Steelers 80 Aaron Rodgers
100%
Buccaneers 84 Baker Mayfield
100%
Broncos 81 Bo Nix
100%
49ers 86 Brock Purdy
100%
Panthers 78 Bryce Young
100%
Bears 85 Caleb Williams
100%
Texans 77 CJ Stroud
100%
Cowboys 91 Dak Prescott
100%
Colts 78 Daniel Jones
100%
Patriots 93 Drake Maye
100%
Eagles 83 Jalen Hurts
100%
Lions 88 Jared Goff
100%
Commanders 79 Jayden Daniels
100%
Bengals 96 Joe Burrow
100%
Packers 87 Jordan Love
100%
Bills 99 Josh Allen
100%
Chargers 89 Justin Herbert
100%
Ravens 94 Lamar Jackson
100%
Rams 98 Matthew Stafford
100%
Chiefs 92 Patrick Mahomes
100%
Seahawks 85 Sam Darnold
100%
Jaguars 82 Trevor Lawrence
100%
Titans 54 Brandon Allen
94%
Lions 60 Kyle Allen
94%
Cardinals 75 Kyler Murray
94%
49ers 74 Mac Jones
94%
Giants 76 Jaxson Dart
88%
Dolphins 74 Tua Tagovailoa
88%
Saints 77 Tyler Shough
88%
Colts 69 Anthony Richardson Sr
82%
Titans 73 Cam Ward
82%
Vikings 71 JJ McCarthy
82%
Bengals 73 Joe Flacco
82%
Falcons 72 Michael Penix Jr
82%
Giants 69 Russell Wilson
82%
Dolphins 65 Zach Wilson
82%
Cardinals 75 Jacoby Brissett
76%
Giants 71 Jameis Winston
76%
Jets 72 Justin Fields
76%
Colts 76 Phillip Rivers
76%
Falcons 73 Kirk Cousins
71%
Panthers 70 Andy Dalton
65%
Raiders 70 Geno Smith
65%
Bengals 67 Jake Browning
65%
Commanders 72 Marcus Mariota
65%
Browns 69 Shedeur Sanders
65%
Packers 71 Malik Willis
59%
Saints 70 Spencer Rattler
59%
Texans 66 Davis Mills
53%
Chiefs 70 Gardner Minshew
53%
Vikings 68 Carson Wentz
47%
Browns 69 Deshaun Watson
47%
Browns 67 Dillon Gabriel
47%
Raiders 66 Kenny Pickett
47%
Colts 67 Riley Leonard
47%
Ravens 68 Tyler Huntley
47%
Steelers 64 Will Howard
47%
Titans 68 Will Levis
47%
Rams 67 Jimmy Garoppolo
41%
Steelers 66 Mason Rudolph
41%
Bills 64 Mitchell Trubisky
41%
Rams 63 Stetson Bennett IV
41%
Jets 69 Tyrod Taylor
41%
Raiders 67 Aidan O'Connell
35%
Ravens 65 Cooper Rush
35%
Cowboys 68 Joe Milton
35%
Steelers 64 Skylar Thompson
35%
Eagles 64 Tanner McKee
35%
Chargers 63 Trey Lance
35%
Seahawks 66 Drew Lock
29%
Broncos 63 Jarrett Stidham
29%
Patriots 68 Joshua Dobbs
29%
Vikings 59 Max Brosmer
29%
Eagles 65 Sam Howell
29%
Buccaneers 67 Teddy Bridgewater
29%
Bears 59 Tyson Bagent
29%
Packers 66 Desmond Ridder
24%
Falcons 62 Easton Stick
24%
Seahawks 65 Jalen Milroe
24%
Commanders 61 Josh Johnson
24%
Dolphins 63 Quinn Ewers
24%
Patriots 61 Tommy DeVito
24%
Bears 63 Case Keenum
18%
Chiefs 55 Chris Oladokun
18%
Jaguars 61 Nick Mullens
18%
Jets 62 Brady Cook
12%
Vikings 57 Brett Rypien
12%
Vikings 61 John Wolford
12%
Broncos 56 Sam Ehlinger
12%
Commanders 57 Sam Hartman
12%
Dolphins 60 Cam Miller
6%
Texans 60 Graham Mertz
6%
49ers 62 Kurtis Rourke
6%
Buccaneers 57 Connor Bazelack
0%
Commanders 61 Jeff Driskel
0%
Cardinals 57 Kedon Slovis
0%
No matching quizzes found
Score Distribution
Percent of People with Each Score
Percentile by Number Answered
Your Score History
You have not taken this quiz